LEADER 00929nam0-22003011i-450- 001 990003311200403321 005 20001010 035 $a000331120 035 $aFED01000331120 035 $a(Aleph)000331120FED01 035 $a000331120 100 $a20001010d--------km-y0itay50------ba 101 0 $aita 105 $ay-------001yy 200 1 $a<>new dictionary of economics and banking. (English - Italian$fItalian - English) conil patrocinio dell'Universit ?Commerciale Luigi Bocconi. 205 $a1? 210 $aMilano$cCisalpino Goliardica$d1989. 610 0 $aDizionari ( Economia ) 676 $a330.3 700 1$aCodeluppi,$bLivio$0246552 801 0$aIT$bUNINA$gRICA$2UNIMARC 901 $aBK 912 $a990003311200403321 952 $a330.3 COD$bLINGUE 867$fDECLI 959 $aDECLI 996 $aNew dictionary of economics and banking. English - Italian$9446921 997 $aUNINA DB $aING01 LEADER 01660nam 2200349 450 001 9910687983603321 005 20230703213934.0 035 $a(CKB)5580000000514547 035 $a(NjHacI)995580000000514547 035 $a(EXLCZ)995580000000514547 100 $a20230703d2022 uy 0 101 0 $aeng 135 $aur||||||||||| 181 $ctxt$2rdacontent 182 $cc$2rdamedia 183 $acr$2rdacarrier 200 00$aAutopsy $ewhat do we learn from corpses? /$fedited by Kamil Hakan Dogan 210 1$aLondon :$cIntechOpen,$d2022. 215 $a1 online resource (74 pages) 311 $a1-80355-341-3 327 $a1. Introductory Chapter: An Overview of the Autopsy Procedure -- 2. External Examination of the Corpse -- 3. Post-Mortem Assessment and Evolutionary Role of the Autopsy -- 4. Medicolegal Autopsy -- 5. Virtopsy: A New Era in Forensic Medico-Legal Autopsies. 330 $aIf a death is suspicious, an autopsy of the body is performed with the intent of determining the cause and manner of death. A death investigation begins with body examination and evidence collection at the scene and proceeds through history, postmortem examination and autopsy, laboratory tests, and determining the cause and manner of death. This book provides a comprehensive overview of postmortem examination and autopsy, the steps involved, and what the results of the examination can tell us. 606 $aAutopsy 615 0$aAutopsy. 676 $a616.07 702 $aDogan$b Kamil Hakan 801 0$bNjHacI 801 1$bNjHacl 906 $aBOOK 912 $a9910687983603321 996 $aAutopsy$93075780 997 $aUNINA